00584nam a22001937a 450000500170000001000280001702000230004503500170006803500130008503700240009808200060012210000200012824500590014826000320020727000820023930000270032149000300034850000120037820190823162216.0 a1819CHEN B-720062-082 a8188731218c395.00 aB-720062-082 aB-728657 adplbSmriti Sahitya aS aKhatri,Vikas S. aForty fortunes and other stories /cby Vikas S. Khatri aDelhibSmriti Sahityac2018 a511/1-E, Gali No.2, Near Tash Factory, Vishwas Nagar, ShahdarabDelhie110032 a175p.:billc22cm(Hb)  aMiddle Eastern folk tales aAirport